Investments

Bibliographic Details
Main Author: Sharpe, William F.
Format: Book
Language:English
Published: Englewood Cliffs Prentice-Hall 1981
Subjects:
LEADER 00567cam a2200193 a 4500
001 0000131195
005 20120127090000.0
040 |a mod 
041 |a eng 
020 |a 0135046130 
090 0 0 |a 332.6  |b SHA  |e 1981 
100 1 |a Sharpe, William F. 
245 1 0 |a Investments  |c William F. Sharpe 
260 |a Englewood Cliffs  |b Prentice-Hall  |c 1981 
300 |a 654 p.  |b ill.  |c 24 cm 
650 0 0 |a Investments 
650 0 0 |a Investment analysis 
852 0 0 |a 01 
999 |a B000016710  |b Markas Pemerintahan Latihan & Doktrin  |d BOOKS  |e Umum  |f Markas Pemerintahan Latihan & Doktrin  |j AVAILABLE  |q OLD